Hawkeye Quiz (SPOILERS) - Statistics

General Stats
  • This quiz has been taken 45 times
    42 since last reset
  • The average score is 10 of 18
Answer Stats
Actor Role % Correct
Jeremy Renner Clint Barton/Hawkeye
100%
Hailee Steinfeld Kate Bishop
97%
Florence Pugh Yelena Belova
88%
Alaqua Cox Maya Lopez/Echo
82%
Vincent D'Onofrio Kingpin
76%
Ava Russo Lila Barton
71%
Cade Woodward Nathaniel Barton
71%
Tony Dalton Jack Duquesne
65%
Linda Cardellini Laura Barton
65%
Ben Sakamoto Cooper Barton
59%
Vera Farmiga Eleanor Bishop
56%
Fra Fee Kazi
47%
Simon Callow Armand III
24%
Jonathan Bergman Armand VII
24%
Piotr Adamczyk Tomas
18%
Clayton English Grills
15%
Jolt Lucky the Pizza Dog
15%
Aleks Paunovic Ivan
12%
No matching quizzes found
Score Distribution
Percent of People with Each Score
Percentile by Number Answered
Your Score History
You have not taken this quiz since the last reset